| 000 | 00395nam a2200169Ia 4500 | ||
|---|---|---|---|
| 008 | 221030s9999 xx 000 0 und d | ||
| 020 | _a8185015619 | ||
| 041 | _aEnglish | ||
| 082 |
_a105.23 _bAho |
||
| 100 | _aA. V. Aho | ||
| 245 | 0 | _aPrinciples of Compiler Design | |
| 260 |
_bNarosa Pub _aNew Delhi _c2002 |
||
| 300 | _a612 | ||
| 650 | _aComputers | ||
| 700 | _aJ. D. Ullman | ||
| 942 | _cBK | ||
| 999 |
_c8772 _d8772 |
||